00674nam a2200205Ia 4500003000400000008004100004020002300045040000800068100002300076245004400099260002400143300001400167365001200181901002100193902003700214903005800251942001200309952013000321999001700451LDD181029s9999 xx 000 0 und d a860915468cP 12.00 cLDD aAnderson, Benedict 0aImagined communitiescBenedict Anderson aLondonbVersoc1991 axv, 224p. bP 12.00 a4351b23-02-2008 aI-1207b06-03-2008cFdAAKARe95 aDiscount-15bReqst by : AjayNohurkar  2ddccBK 00102ddc4070980777aLDDbLDDl1o320.54 An23Ip064111q2019-02-21r2019-02-07s2019-02-07v959.64w2018-11-01yBKzIssued c80778d80778